[Event "New Zealand Open"]
[Site "?"]
[Date "2016.01.07"]
[Round "6"]
[White "Cornette, M."]
[Black "Jones, G."]
[Result "0-1"]
[WhiteElo "2591"]
[BlackElo "2625"]
[Annotator "GJ"]
[PlyCount "42"]
[EventDate "2016.??.??"]

1. d4 {I was in combative mood and had spent the morning preparing the Modern.
It was a bit of a surprise when he opened with the d-pawn but I decided to
stick to my guns.} g6 2. e4 {Back into it!} Bg7 3. Nc3 d6 4. Be3 a6 5. a4 {
This came as a surprise but he told me afterwards he'd prepared this for Mike
Steadman the previous day.} Nc6 $5 {I was feeling creative and wanted to avoid
simply transposing back into the Pirc with 5...Nf6.} 6. h3 (6. d5 {
would try and refute my last move but now the a-pawns have moved Black can play
} Nb4 {As long as the knight doesn't get trapped Black is doing pretty well:}
7. a5 (7. Nce2 a5 8. c3 Na6 $13) 7... e6 $11) 6... e5 {Diagram #} 7. d5 (7. Nf3
exd4 8. Nxd4 Nf6 {would reach some sort of Philidor structure. The pawn moves
on the a-file favour Black as it is now very dangerous for White to castle
queenside. Black has a simple plan of putting pressure on the e4-pawn. Often
White would defend with f2-f3 but that's not really compatible with h2-h3 as
g3 would become very weak.}) ({
In the post-mortem Matthieu said he recalled the engine preferred} 7. dxe5 {
but during the game he wasn't convinced.} Nxe5 (7... Bxe5 8. Nf3 Bxc3+ 9. bxc3
{looked interesting but rather double-edged.}) 8. f4 Nc6 $13 {White is in
danger of over-extending. Black's ...Nb8-c6xe5-c6 is one tempo slower than the
normal ....e7-e5xd4 but White doesn't really want to have played either h2-h3
or a2-a4.} (8... Qh4+ {looks tempting but} 9. Kd2 Nc6 ({or} 9... Ng4 10. hxg4
$1 Qxh1 11. Nd5) 10. Nf3 {both give White the initiative. Developing with
tempo is probably more important than the misplaced king.})) 7... Nce7 (7...
Nd4 {was the alternative but I felt the knight exchange favoured White.} 8.
Nge2 Nxe2 9. Bxe2 f5 10. exf5 gxf5 (10... Bxf5 {My engine thinks recapturing
with the bishop is close to equal but Black would really be suffering here
with his lousy g7-bishop and White's wonderful outpost on e4.}) 11. Bh5+ Kf8
$13 {with a very complicated position.}) 8. g4 $6 {Diagram # This isn't an
aggressive move. Instead Matthieu wants to block up the kingside before
attacking on the queenside. This is quite a usual plan in the King's Indian
but doesn't quite work here as Black is very flexible.} (8. Nf3 f5 9. Ng5 {
was what I was expecting. However after} Nf6 {my engine prefers Black.
Apparently White can't utilise the scary knight jump here.} (9... fxe4 10. g4
$13 (10. Ncxe4 Nf5))) 8... f5 9. f3 (9. gxf5 gxf5 10. Qh5+ Kf8 {You can compare
this position with the line after 7.Nf3 and 8...Qh4+. The check doesn't seem
to achieve very much and now I would be able to gain time on the queen.}) 9...
c5 $1 {I think this was a good move. I need to play this before he's ready to
capture en-passant and put pressure on the d6-pawn. Now I have more control of
the centre and can fight back on the queenside.} (9... Bh6 10. f4 $5 {
worried me.}) 10. a5 {The pawn now becomes a target but otherwise I don't know
what plan he should adopt. White's main problem is that he has nowhere safe
for his king. Black's king, on the other hand, is perfectly safe on the
kingside.} ({Perhaps White should have changed the nature of the position with
} 10. dxc6 bxc6 {Black's centre looks formidable but with} 11. Bc4 Bb7 12. Qe2
d5 13. O-O-O {Black's position looks very impressive but at least White has
some active piece play and a safer king.}) 10... Nf6 {
Putting pressure on e4 and so preventing Na4-b6 ideas.} ({In these structures
Black's g7-bishop is blocked in by its own pawns. Therefore I considered} 10...
Bh6 {but after} 11. g5 Bg7 $6 {feels very slow. It's not clear how I ever
develop my g8-knight. This would actually be a dream scenario for White as he
can successfully keep the kingside closed.} ({I wanted to get} 11... f4 $5 {
to work but here White can play} 12. Bxc5)) 11. Qd2 {Diagram # Surprisingly
after this logical developing move White's position feels almost strategically
lost.} ({In the post-mortem we came to the conclusion that White has to try} 
11. Bc4 O-O 12. Qd3 {
Now White is threatening to play Na4 as the e4-pawn is defended.} (12. Bxc5 $2
{isn't as scary if he hasn't yet moved his queen as now it'll take him longer
to castle.} dxc5 13. d6+ Kh8 14. dxe7 Qxe7 15. g5 Nh5 16. Qd2 Nf4 $17) 12...
Kh8 (12... Bd7 {is also fine as} 13. Bxc5 $6 dxc5 14. d6+ Kh8 15. dxe7 Qxe7 {
still isn't very convincing. I can meet} 16. O-O-O {with} Bb5 $1 $17) 13. Na4
$6 {This was the tactic I was desperately trying to avoid, while Matthieu was
frantically analysing at every opportunity. The idea is that after} Qxa5+ 14.
b4 $1 {My queen will be trapped whichever way I take the pawn. However my
engine pours cold water on the entire line as} Qd8 15. bxc5 dxc5 16. Nxc5 b6 $1
{is very good for Black. White's pieces are actually really clumsy, in
particular the c4-bisop is close to being trapped.}) 11... O-O 12. Bc4 Kh8 {
Getting out of the way of Bxc5 ideas.} 13. Nge2 Bd7 {My plan is to put a piece
on b5, either my bishop or f6-knight via ...Ne8-c7-b5.} 14. g5 $6 {
Taking pressure off the e4-pawn but the price is too high.} (14. Bg5 {
was a better plan, although it's still not clear how White ever manages to get
his knight into b6.}) (14. O-O h5 {looks extremely scary for White. Black has
a fantastic version of a normal King's Indian; his kingside play is in full
swing while White hasn't really started his queenside counterplay.}) 14... Nh5
{Diagram # Look at that fantastic outpost on f4.} 15. Na4 $2 {
This was the point of the previous move but White had overlooked a tactic.} Nc8
{Stopping the knight and threatening ...f5-f4 picking up the g5-pawn.} 16. exf5
Rxf5 17. Rf1 {So the g5-pawn is safe.} Bxa4 $1 {My other threat.} 18. Rxa4 {
Diagram #} b5 19. axb6 Nxb6 {White drops the exchange.} 20. Bb3 Nxa4 21. Bxa4
Nf4 {Disgusted White threw in the towel. He's the exchange down and Black also
has the initiative.} 0-1

[Event "New Zealand Open 2016"]
[Site "Devonport, Auckland NZL"]
[Date "2016.01.04"]
[Round "3.7"]
[White "Koop, Thorben"]
[Black "Steadman, Michael V R"]
[Result "0-1"]
[WhiteElo "2417"]
[BlackElo "2252"]
[PlyCount "118"]
[EventDate "2016.01.02"]

{I had looked at Thorben's games and he really just seemed to sneak up on
players to me. Just perfect for a Leningrad Dutch to be played, he would need
to do something quickly, if not then Black would get on top.} 1. Nf3 d6 2. d4
f5 3. g3 Nf6 4. Bg2 g6 {I had seen his games and he a tendency to play
Korchnoi's line and this has been refuted by Black switching plans. The time
he was taking I got the feeling he does not face this too often at the level
he plays at.} 5. c3 Bg7 6. Qb3 e6 7. Bg5 {This has a good reputation with only
a small number of games, but I just like to get the 2 Bishops and get on with
it. I had a plan :-).} h6 8. Bxf6 Qxf6 9. Nbd2 d5 {Diagram # So here is the
idea, I have reverted to the Stonewall and there is a key difference. The
black squared Bishop has been swapped for a knight. This means White has the
e5 square as usual, but Black can pick the best moment to give the Bishop up
for this knight. We are on our own as I can't find anything like this played
before.} 10. Ne5 O-O 11. Ndf3 a5 12. a4 Ra6 {Diagram # Confusion was
definitely showing on his face when I am playing moves like this. But seemed
to me the knight and Bishop are doing a good job where they are currently.} 13.
h4 (13. Nh4 g5 14. Nhg6 Rd8 15. O-O-O Nd7 {This is what the machine is
suggesting, just shows it has no idea of these kinds of positions.}) 13... Rb6
14. Qc2 Bd7 {Diagram # This Bishop will do its best work on e8 and will free
up the Queen which currently has to guard g6.} 15. Nd2 (15. c4 c6 16. h5 g5 17.
e3 Rc8 18. c5 Ra6 19. Qb3 Rc7 20. O-O-O b5 21. cxb6 Rb7 22. Qc3 Raxb6 {
Again, the computer does not understand.} 23. Nd3 Bf8) 15... Rd6 16. Nb3 {
This showed me, he also did not understand. Black intends Be8, Rd8, b6, Rc8,
Qc7, Na6 and c5. This knight dancing is planless and just getting me to play
moves that I need to. White needs to be playing c4.} b6 17. Nc1 c5 18. Ncd3 Be8
19. f4 Na6 20. e3 Qd8 21. b3 Qc7 22. Qd2 Rd8 23. Qb2 Rc8 {Diagram # So Black
has completed his plan and White has shuffled like a possum in the headlights.
I think Black is just better here. (Ed: The editor does not quite understand
the utility of Black's Ra8-a6-b6-d6-d8-c8 plan I must admit).} 24. O-O g5 {
Maybe a tad early, but he was in bad time trouble now, just the best time to
slip the bomb.} 25. hxg5 hxg5 26. fxg5 Bxe5 27. Nxe5 Qg7 28. Qe2 Nb8 29. c4
cxd4 30. exd4 dxc4 31. bxc4 Qxg5 32. d5 Qxg3 33. dxe6 Rf6 34. Rf3 Qg5 {
Diagram #} 35. Qf2 $2 {
This is just time pressure. White has to get active or will lose.} (35. Raf1
Nc6 (35... f4 36. Qe4 Nc6 37. Nd7 Bxd7 38. exd7 Rcf8 39. Rd1) 36. Nd7 Rg6 37.
Rxf5 Nd4 38. Rf8+ Kg7 39. Qf2 Qg4 40. Rf6 Rg5 41. Re1 Nf5 {Couple of out there
variations, but with him down near 30 seconds per move, tough to find. Things
start to go wrong now.)}) 35... f4 36. Nd3 Rxc4 {
one pawn up for the good guys, time to harvest.} 37. Re1 Nc6 38. e7 Rxa4 {
I Couldn't see how to improve my position, so just took a second pawn.} 39. Kh2
$2 {And here was the gift from heaven, mistakes follow mistakes. Third pawn
for the good guys.} Nxe7 40. Bh3 (40. Rxe7 Rh6+ 41. Rh3 Rxh3+ 42. Bxh3 Qxe7 43.
Nxf4 {Black will win with ease.}) 40... Kf8 41. Re5 Qh6 42. Qe2 Qh7 43. Re6 Qf7
{Diagram #} 44. Qe5 {Another slip, but I think this is driven by depression
that this 2200 mug had done the business on him.} Rxe6 45. Bxe6 Qh5+ 46. Qxh5
Bxh5 47. Rxf4+ Rxf4 48. Nxf4 {
Endgames may not be my forte, but even I could win this.} Bf7 49. Bd7 Nd5 50.
Ne2 Ke7 51. Bb5 Kd6 52. Kg3 Kc5 53. Bd7 b5 54. Kf2 Nb6 {Diagram #} 55. Bxb5 {
Desperation, but there is no way he can get both pawns and force me to show I
could mate with the 2 pieces (I sure I could have worked it out :-))} Kxb5 56.
Ke3 Kb4 57. Kd2 Nc4+ 58. Kc1 Bg6 {
The key move, locks the King out of b1, white could calmly resign.} 59. Nf4 Be4
0-1

[Event "New Zealand Open 2016"]
[Site "Devonport, Auckland NZL"]
[Date "2016.01.10"]
[Round "9.9"]
[White "Steadman, Michael V R"]
[Black "Richards, Heather S"]
[Result "1-0"]
[WhiteElo "2252"]
[BlackElo "2165"]
[PlyCount "119"]
[EventDate "2016.01.02"]

{This was the key game, needed to win, so played my d4. I saw that she played
Anthony's d6 and Bg4 line. This is not too threatening, so I thought I'd take
it on.} 1. d4 d6 2. Nf3 Nf6 {
OK, so prep gone, I assumed a King's Indian and I would just give it a go.} 3.
c4 g6 4. Nc3 Bf5 $5 {I have never seen this move and am now completely on my
own. It just looked bad to me. I like to play g4 type lines against the
castled Black King, so my next move is explained.} 5. h3 h5 (5... Bg7 6. g4 Bd7
7. e4 O-O 8. Be3 Na6 9. Be2 c5 10. d5 {
If this is the plan, it just looks like a bad Benoni to me.}) 6. Ng5 {
I was confused by h5, maybe I should have just gone Bf4 and e3 etc. But
putting a Knight out on g5 in the hole just created, seemed OK.} Bh6 7. f3 Bd7
8. h4 e5 9. e3 Nc6 10. Be2 Ne7 11. dxe5 dxe5 12. e4 Nc6 13. Be3 {Diagram # Whit
e has to be a little better here, Black has to come up with a plan.} Ng8 $2 14.
Qd5 Qe7 (14... Qf6 15. Nb5 O-O-O 16. Nxa7+ Nxa7 17. Qa5 Bxg5 18. hxg5 Qa6 19.
Qxa6 bxa6 20. Bxa7 {
White is a pawn up and has the 2 Bishops on an open board - easy win}) 15. Bc5
Qf6 16. Rd1 O-O-O 17. Qd3 $5 (17. Qd2 {I had seen this move, but I thought
that by saccing the pawn I would drag the Queen away and get a huge attack.} b6
18. Nd5 Qg7 19. Be3 f6) 17... Bxg5 18. hxg5 Qxg5 19. Nd5 f5 20. b4 fxe4 21.
fxe4 b6 22. Bf2 h4 23. c5 {Diagram # This is the kind of position I had seen,
I thought it had to worth a pawn.} Kb8 24. cxb6 axb6 25. b5 Nd4 26. Bxd4 $5 (
26. Qc3 Rc8 27. Rxd4 exd4 28. Qxd4 Be6 29. Nxc7 Kxc7 30. Qxb6+ Kd7 31. Qd4+ Ke8
32. Qxh8 Rc1+ {Did not look like enough to me.}) 26... exd4 27. Qxd4 Ne7 {
Diagram #} 28. Qf6 $2 Qg3+ $2 (28... Qxg2 {
I had just forgotten dshe could take this pawn first, White is in trouble now.}
29. Qf3 Qxf3 30. Bxf3 Nxd5 31. Rxd5 Rdf8 32. Ke2 Be6 33. Rg5 Bxa2 34. Rxg6 Bc4+
35. Ke3 Bxb5) 29. Qf2 Nxd5 30. Qxg3 hxg3 31. Rxh8 Rxh8 32. Rxd5 Be6 33. Rg5
Rh1+ {Diagram # Heather was in bad time trouble now, she is close to drawing,
but moving the Rook from the back rank helps White with mating options.} (33...
Bxa2 34. Kd2 Re8 35. Bd3 Rg8 36. Rxg3) 34. Kd2 Bf7 35. Rxg3 Ra1 36. Rf3 Rxa2+
37. Ke1 Be6 38. Rf6 Bd7 39. Rxg6 Ra4 40. Rg7 (40. Rg8+ Kb7 41. Rd8 Bc8 42. Bf3
c5 43. bxc6+ Kc7 44. Rg8 Ra5 45. Re8 b5 46. e5 b4 47. Kd2 Ra2+ 48. Kd3 Ba6+ 49.
Kd4 b3 50. Re7+ Kb6 51. Kc3 b2 52. Be4 {
Other option type line, but I saw no reason to free up her pawns.}) 40... Be6
41. Bf3 {Diagram #} Rb4 $2 (41... Kc8 42. e5 Kd8 43. Bc6 Rf4 44. Rg5 Rc4 45.
Rg6 Ke7 46. Rg7+ Kd8 47. Kd2 Rc5) 42. Re7 Bc8 43. Re8 Rxb5 44. Bg4 Rb1+ 45. Kf2
{Black can calmly resign now, she will lose a piece and the e pawn will Queen.}
Rb2+ 46. Kg3 c5 47. Rxc8+ Kb7 48. Rf8 c4 49. Rf3 Kc6 50. e5 b5 51. Re3 c3 52.
Rxc3+ Kd5 53. e6 Kd6 54. Rd3+ Ke7 55. Rd7+ Kf6 56. e7 Rb3+ 57. Kf2 Rb2+ 58. Ke3
Rb3+ 59. Kd2 Rb2+ 60. Kc3 {
A game that could have swung either way, but the time pressure saved me.} 1-0

[Event "NZ Open 2016"]
[Site "Devonport"]
[Date "2015.01.01"]
[Round "?"]
[White "Taylor, Richard"]
[Black "Rasmussen, Allan Stig"]
[Result "0-1"]
[WhiteElo "1891"]
[BlackElo "2526"]
[PlyCount "89"]
[EventDate "2015.??.??"]

1. Nf3 Nf6 2. c4 c5 3. Nc3 d5 4. cxd5 Nxd5 5. g3 Nc6 6. Bg2 Nc7 7. O-O e5 8. a3
{Diagram #} Be7 (8... Rb8 9. d3 (9. Rb1 f6 10. d3 Be7 11. Be3 O-O $10) 9... Be7
10. Rb1 O-O 11. Be3 Be6) (8... f6 9. e3 Be7 10. d4 cxd4 11. exd4 exd4 12. Ne2
Ne6 13. b4 d3 14. Nf4 Nxf4 15. Bxf4 O-O 16. Qb3+ Kh8 17. b5 Nd4 18. Qxd3 Ne6)
9. b4 f6 10. bxc5 Bxc5 11. Qa4 Bd7 12. Qc4 Be7 13. Rb1 Na5 14. Qa2 Be6 15. Qc2
O-O 16. d4 $1 {Diagram #} Rc8 $1 (16... exd4 $2 17. Rd1 d3 18. Rxd3) 17. Qd3 (
17. dxe5 fxe5 18. Nxe5 Bf6 19. Qe4 (19. Qa4 b6 20. Rd1 Qe8 21. Qxe8 Nxe8 22.
Bd5 Bxd5 23. Nxd5 Rxc1 24. Nxf6+ gxf6 25. Rbxc1 fxe5 26. Rd7 Nb3 27. Rc8 Nd4)
19... Qe7 20. Bf4 Qxa3 21. Qd3 Rfd8) 17... Bc4 {Diagram #} 18. Qe4 $6 (18. Qd1
{Rasmussen said, after the game, that he should have played this and it seems
best here.} exd4 19. Nxd4) 18... Nd5 19. Nxd5 Bxd5 20. Qg4 {
Diagram # Black is now better, but now I went wrong.} Bxf3 $2 (20... f5 $1 {
The move I intended. The GM was now down to less than a minute on the clock
but for some reason I started for fear he might have an attack with Ng5. I had
never played a grandmaster in standard chess so I was quite nervous, although
I had found the right moves up to now, more or less. And now after f5 Black
has a winning position in theory. Rasmussen said after the game he might have
had to give up a piece somewhere here.} 21. Qh5 e4 22. Ng5 h6 23. Nh3 Qd7 24.
Nf4 Ba2 (24... Bf7 $2 25. Ng6 Qd6 26. Qxf5) 25. Rb2 Bf7 26. Qh3 Rxc1 27. Rxc1
Bxa3 28. Rbb1 Bxc1 29. Rxc1 Nb3 30. Rb1 Nd2 31. Re1 b5 32. g4 Qxd4 33. gxf5 b4
{and Black should win.}) 21. Qe6+ $1 {Of course. Missed this. Now it all falls
apart although Rasmussen still was very short of time but now he gains time
via the increments.} (21. Bxf3 $6 f5 22. Qh3 e4 23. Bg2 Qd5) 21... Kh8 22. Bxf3
exd4 23. Rd1 {Here it is still equal except that my opponent was about 4 times
the Danish Champion and a GM so....} b6 $6 (23... f5 24. Bd2 b6 25. Bxa5 bxa5
26. e3 Bxa3) 24. e3 d3 $6 (24... Qd6) 25. Be4 f5 $2 {
Trying to set a trap I start to lose.} 26. Rxd3 Qc7 27. Bxf5 Bf6 28. Rd1 Rce8
29. Qa2 Qe5 30. Rd5 Qc3 31. Bd2 Qc4 32. Qxc4 Nxc4 33. Bb4 Rf7 34. Rc1 Ne5 35.
f4 Ng6 36. Rd7 Rxd7 37. Bxd7 Rd8 38. Bf5 a5 39. Be1 $6 (39. Bc3) 39... Ne7 (
39... Bb2 40. Rb1) 40. Be4 Nd5 $2 (40... Bb2 41. Rb1 Bxa3 42. Rxb6 Bc5 43. Ra6
Bxe3+ 44. Kf1 a4 45. Rxa4) 41. Kf2 g6 42. Rc6 Kg7 43. a4 g5 44. Ke2 gxf4 45.
gxf4 0-1

[Event "New Zealand Open 2016"]
[Site "Devonport, Auckland NZL"]
[Date "2016.01.02"]
[Round "1.23"]
[White "Gao, Hans"]
[Black "Taylor, Richard"]
[Result "1-0"]
[WhiteElo "2183"]
[BlackElo "1888"]
[PlyCount "61"]
[EventDate "2016.01.02"]

1. e4 c5 2. Nf3 Nc6 3. d4 cxd4 4. Nxd4 Nf6 5. Nc3 e5 6. Ndb5 d6 7. a4 a6 8. Na3
Be6 9. Bg5 Be7 10. Be2 O-O 11. Bxf6 Bxf6 12. Nd5 Bg5 13. c3 Ne7 14. Bc4 Kh8 15.
Qd3 f5 16. Nxe7 Qxe7 17. Bxe6 Qxe6 18. Rd1 fxe4 19. Qxe4 Qb3 20. Qc2 Qe6 21.
O-O Rf4 22. g3 {Diagram # In this position I played} Rf6 {Instead of} (22...
Raf8 $1 {when Hans said after the game (which he won in good style after my
move) that he would have bailed out with} 23. gxf4 {Then it is of course
perpetual check but I think White can afford not to take the rook. After some
time Komodo finds that White can defend the position.}) 23. Qe4 Raf8 24. Nc4
Qe7 25. f4 Bxf4 26. gxf4 Rxf4 27. Rxf4 Rxf4 28. Qd5 Qh4 29. Nxd6 Qf2+ 30. Kh1
h5 31. Qg2 1-0

[Event "New Zealand Open 2016"]
[Site "Devonport, Auckland NZL"]
[Date "2016.01.08"]
[Round "7.21"]
[White "Li, Shenyue"]
[Black "Taylor, Richard"]
[Result "1-0"]
[WhiteElo "2007"]
[BlackElo "1888"]
[PlyCount "75"]
[EventDate "2016.01.02"]

1. f4 e5 2. fxe5 d6 3. exd6 Bxd6 4. Nf3 g5 5. d4 g4 6. Ng5 f5 7. d5 $6 {
This is not best. The main move runs} (7. e4 h6 8. e5 Be7 9. Nh3 (9. Nf7 {
this seems better for White.}) 9... gxh3 10. Qh5+ Kf8 11. Bc4 Rh7 {And results
are mixed. I am not sure what other theory there is on the From Gambit but I
thought it would be an exiting game.)}) 7... Nf6 $6 {I had thought that White
couldn't play the Ng5 line so hadn't thought about it much and here I needed
to play h6. 7. ... Nf6? loses my chance!} (7... h6 {embarrasses the knight eg}
8. Ne6 Bxe6 9. dxe6 Qh4+) 8. Nc3 h6 9. Ne6 Bxe6 10. dxe6 c6 $2 {Now Shenyue
takes over. I thought I was winning! O.k., that's not old age, I have thought
that in many positions since I started chess 2000 years ago.} (10... Qe7 11.
Nb5 Be5 12. e4 Qxe6 13. Nd4 Bxd4 14. Qxd4 Nc6 15. Bb5 Qxe4+) 11. e4 Qc7 12.
exf5 Bxh2 13. Be3 Bg3+ 14. Kd2 {Diagram #} Na6 (14... Bf4 15. Qe2 Na6 16. Re1
Qe5 17. Kc1 Bxe3+ 18. Qxe3 Qxe3+ 19. Rxe3 Nc7 20. g3 Rd8 21. Ne4 Ke7 22. Nxf6
Kxf6 23. Rh5 Nd5) 15. Bxa6 bxa6 16. Qe2 O-O-O+ 17. Kc1 Nd5 18. Nxd5 Rxd5 19.
Qxa6+ Kb8 {Diagram #} 20. f6 (20. Rf1 Bd6 21. Qc4 Rf8 22. f6) 20... Qe5 $4 {
Busily calculating combinations I forgot to check up on my own King! But my
"advantage" now is illusory.} (20... Bf4 21. Qa3 Ka8 22. Re1 Rhd8 23. e7) (
20... Re5 21. Bd4 Rxe6 22. Qc4 Qf4+ 23. Kb1 Re4 24. Qb3+ Ka8 25. Qc3 Rxd4 26.
Qxc6+) 21. Bxa7+ $1 {W-w-w-what was that?!! Ooops!! Well, Shenyue now mops up
in style and soon goes home. She also beat poor Bob Smith who has had some
tough times in chess recently. But even to beat Bob at all is a sign of some
ability for sure.} Kc7 22. Qb6+ Kd6 23. Bb8+ Rxb8 24. Qxb8+ Kxe6 25. Qxe5+ Kxe5
(25... Rxe5 26. a4) 26. Rh5+ Kxf6 27. Rxd5 cxd5 28. a4 h5 29. a5 Bf2 30. a6 Ba7
31. Kd2 h4 32. Rh1 Kg5 33. Ke2 d4 34. Rf1 g3 35. Kf3 Bc5 36. b4 Bb6 37. Ra1 Ba7
38. b5 1-0